Tutti gli Stati che hanno controllato Tashkent - Statistics

Statistiche generali
  • Questo quiz è stato fatto 4 volte
  • Il punteggio medio è 14 su 27
Statistiche sulle risposte
con Immagini Hint Risposta % Corretto
660 - 755 Dinastia Tang
100%
1219 - 1266 Impero Mongolo
100%
1865 - 1917 Impero Russo
100%
1991 - Oggi Repubblica dell'Uzbekistan
100%
1922 - 1991 Unione Sovietica
100%
755 - 875 Califfato Abbàside
67%
1089 - 1141 Impero Selgiuchide
67%
1370 - 1469 Impero Timuride
67%
1917 Repubblica Russa
67%
1917 - 1918 Governatorato Provvisorio del Turkestan Autonomo
33%
1212 - 1219 Impero Corasmio
33%
1141 - 1212 Impero Kara Khitay
33%
875 - 999 Impero Samanide
33%
603 - 660 Khaganato Turco Occidentale
33%
1266 - 1370 Khanato Chagatai
33%
1501 - 1709 Khanato di Bukhara
33%
1709 - 1865 Khanato di Kokand
33%
999 - 1089 Khanato Karakhanide
33%
1469 - 1501 Khanato Shaybanide
33%
558 - 603 Primo Khaganato Turco
33%
250 a.C. - 200 a.C. Regno di Kangju
33%
30 - 440 Regno di Kangju
33%
200 a.C. - 120 a.C. Regno Greco-Battriano
33%
1918 - 1922 Repubblica Socialista Sovietica Autonoma del Turkestan
33%
509 - 558 Tribù degli Eftaliti
33%
440 - 509 Tribù dei Kidariti
33%
120 a.C. - 30 Tribù dei Tocari
33%
Nessun quiz corrispondente trovato
Distribuzione punteggi
Percentuale di utenti per punteggio
Percentile per numero di risposta
I tuoi punteggi nel tempo
Non hai fatto questo quiz